000 00219nam a22000977a 4500
999 _c15921
_d15921
003 OSt
008 191023b ||||| |||| 00| 0 eng d
100 _aSreenivasan,P R.
_94403
245 _aNaan vanangum daivam
942 _cBK